Carry-le-Rouet - Choix multiples - Statistiques

Statistiques générales
  • Ce quiz a été pris 7 fois
  • Le résultat moyen est 8 sur 10
Statistiques - réponses
Question Réponse % Correct
Quel personnage incarné par l'acteur précédent a donné son nom à la petite avenue où se trouvait sa résidence ? Don Camillo
100%
Quel acteur français avait sa résidence d'été à Carry-le-Rouet ? Fernandel
100%
Comment appelle-t-on le littoral sur lequel se trouve Carry-le-Rouet ? La Côte bleue
100%
Lequel de ces étangs est le plus proche de Carry-le-Rouet ? L'étang de Berre
100%
Parmi les villes suivantes, laquelle est la plus proche de Carry-le-Rouet en terme de distance ? Martigues
100%
Laquelle de ces images représente Carry-le Rouet ?
83%
Laquelle de ces propositions concernant le centre de vacances Vacanciel de Carry est vraie ? En janvier 2020, il sert de lieu de quarantaine pour les Français rapatriés de Chine à la suite de la propagation du virus couronne.
83%
Quel type de mollusques est la spécialité de Carry-le-Rouet, donne son nom à un restaurant dans la ville ainsi qu'à un événement organisé chaque année au mois de février en vue de sa dégustation ? L'oursin
83%
Quelle chanteuse de jazz a passé les dernières années de sa vie à Carry-le-Rouet et y est même décédée en 2003 ? Nina Simone
50%
Quel nom l'acteur a-t-il donné à son bateau qui était amarré au port de Carry-le-Rouet ? Le Caméra
33%
Aucun quiz correspondant
Distribution des résultats
% des personnes avec chaque résultat
Percentile par nombre de réponses
Votre historique - résultats
Vous n’avez pas pris ce quiz